Normal view
MARC view
Entry Personal Name
001 - CONTROL NUMBER
- control field: 260976
003 - CONTROL NUMBER IDENTIFIER
- control field: OSt
005 - DATE AND TIME OF LATEST TRANSACTION
- control field: 20260409091628.0
008 - FIXED-LENGTH DATA ELEMENTS
- fixed length control field: 260409|| aca||aabn | a|a d
040 ## - CATALOGING SOURCE
- Original cataloging agency: OSt
- Transcribing agency: OSt
100 ## - HEADING--PERSONAL NAME
- Personal name: AGRAVAL (Minu)
- Dates associated with a name: अग्रवाल (मीनू)
670 ## - SOURCE DATA FOUND
- Source citation: Work cat.: (OSt)123235: AGRAVAL (Minu) अग्रवाल (मीनू) , Mahila sashaktikaran jut ke piche sach: ek drashtikon, 2013